Jordskjelv /

Saved in:
Bibliographic Details
Main Author: Steen, Reiulf.
Format: Book
Language:Norwegian
Published: Oslo : Tiden Norsk, c2000.
Subjects:
Tags: Add Tag
No Tags, Be the first to tag this record!
LEADER 00743nam a2200277 a 4500
001 008564509-5
005 20020606104010.5
008 010703s2000 no 001 0anor
010 |a  2001400489 
020 |a 8210045253 
035 0 |a ocm47069076 
040 |a DLC  |c DLC  |d DLC 
043 |a e-no--- 
050 0 0 |a DL535.S74  |b A3 2000 
100 1 |a Steen, Reiulf. 
245 1 0 |a Jordskjelv /  |c Reiulf Steen. 
260 |a Oslo :  |b Tiden Norsk,  |c c2000. 
300 |a 216 p. ;  |c 22 cm. 
500 |a Includes index. 
600 1 0 |a Steen, Reiulf. 
610 2 0 |a Norske arbeiderparti. 
610 2 0 |a Fremskrittspartiet. 
650 0 |a Politicians  |z Norway  |v Biography. 
651 0 |a Norway  |x Politics and government  |y 1945- 
988 |a 20020608 
906 |0 DLC